Lectures and problems : a gift to young mathematicians

Saved in:
Bibliographic Details
Main Author: Arnold, V. I. (Vladimir Igorevich), 1937-2010
Format: Book
Language:English
Russian
Published: Berkeley, California ; Providence, Rhode Island : MSRI Mathematical Sciences Research Institute : American Mathematical Society, c2015.
Series:MSRI mathematical circles library ; 17
Subjects:
Tags: Add Tag
No Tags, Be the first to tag this record!

MARC

LEADER 00000nam a2200000 a 4500
001 1/111308
008 160707t2015####cau| ||| |||| ||eng||
020 |a 9781470422592  
040 |a GR-MyUa  |b gre  |c GR-MyUa  |e AACR2 
041 1 |a eng  |h rus 
082 7 |a 510   |2 (23)  
100 1 |a Arnold, V. I.   |q (Vladimir Igorevich),   |d 1937-2010. 
245 1 0 |a Lectures and problems :   |b a gift to young mathematicians /   |c V.I. Arnold ; translated by Dmitry Fuchs and Mark Saul.  
260 |a Berkeley, California ;   |b MSRI Mathematical Sciences Research Institute :   |a Providence, Rhode Island :   |b American Mathematical Society,   |c c2015.  
300 |a viii, 176 σ. :   |b σχέδια ;   |c 26 εκ.  
490 1 |a (MSRI mathematical circles library ;   |v 17) 
504 |a Βιβλιογραφία: σ. 175-176.  
650 0 |a Mathematics  |v Textbooks. 
710 1
830 0 |a MSRI mathematical circles library ;  |v  17 
852 |a INST  |b SAMOS  |e 20160707  |h 510 ARN  |p 005300043687  |q 005300043687  |t BK  |y 0 
922 |a 3ΕΛΗ  |b 201606  |c Τμήμα Μαθηματικών  |d Διαδρομές 
970 |a Κοσιέρης  |b Χρήστος  |z 07-07-2016